[Event "Summer Server Series, S91125"]
[Site "CCLA"]
[Date "2019.08.24"]
[Round "?"]
[White "Cangelosi, Dominic"]
[Black "Laaman, Thomas"]
[Result "0-1"]
[WhiteElo "1431"]
[BlackElo "1625"]

1. d4 d5 2. Nc3 e6 3. Nf3 c5 4. Bg5 Nf6 5. e4 Nc6 6. Bb5 Be7 7. Ne5 Bd7 8.
 Nxd7 Qxd7 9. e5 Ng8 10. Bxe7 Qxe7 11. O-O Nh6 12. Bxc6+ bxc6 13. dxc5 
Qxc5 14. Qe2 Nf5 15. Nd1 Nd4 16. Qd2 Nf5 17. Ne3 Nxe3 18. fxe3 O-O 19. a3 
Qb6 20. Qd4 c5 21. Qc3 c4 22. Qd4 Rab8 23. Rfb1 Rb7 24. Qc3 Rfb8 25. Ra2 
Qd8 26. b4 cxb3 27. Rxb3 h6 28. Rab2 Rxb3 29. Rxb3 Rc8 30. Qd3 Qc7 0-1

[Event "Summer Server Series, S91125"]
[Site "CCLA"]
[Date "2019.08.24"]
[Round "?"]
[White "Cangelosi, Dominic"]
[Black "Siegfried, Will"]
[Result "0-1"]
[WhiteElo "1431"]
[BlackElo "1585"]

1. d4 f5 2. g3 Nf6 3. c4 d6 4. Bg2 g6 5. Nc3 Bg7 6. Bg5 Nbd7 7. e4 fxe4 8.
 Nxe4 Nxe4 9. Bxe4 O-O 10. Qb3 Rb8 11. Rc1 c5 12. Bd5+ Kh8 13. Nf3 b6 14. 
dxc5 bxc5 15. Qe3 Nf6 16. O-O Nxd5 17. cxd5 Bf6 18. Bh6 Bg7 19. Bg5 Bf6 
20. Rc4 Rxb2 21. Rh4 Rf7 22. Bxf6+ exf6 23. a3 Qe7 24. Qc3 Re2 25. Ng5 Rg7
26. Nf3 Bf5 0-1

[Event "Summer Server Series, S91125"]
[Site "CCLA"]
[Date "2019.08.24"]
[Round "?"]
[White "Cangelosi, Dominic"]
[Black "Nurmi, Ronald"]
[Result "1-0"]
[WhiteElo "1431"]
[BlackElo "1469"]

1. d4 d5 2. e3 Nf6 3. Bd3 c5 4. c3 Nc6 5. Nd2 e5 6. dxe5 Nxe5 7. Bc2 Be6 
8. f4 Nc6 9. Ngf3 Bd6 10. O-O h6 11. Re1 O-O 12. e4 dxe4 13. Nxe4 Nxe4 14.
 Bxe4 Qc7 15. g3 Rad8 16. Qc2 Bg4 17. Bh7+ Kh8 18. Nh4 Be6 19. Rxe6 1-0

[Event "Summer Server Series, S91126"]
[Site "CCLA"]
[Date "2019.08.24"]
[Round "?"]
[White "Gunning, Edward E."]
[Black "Graupera, Carlos"]
[Result "1-0"]
[WhiteElo "1483"]
[BlackElo "1520"]

1. c4 e6 2. g3 Nf6 3. Bg2 c5 4. e4 Nc6 5. d3 Be7 6. Nc3 O-O 7. Nf3 d5 8. 
exd5 exd5 9. O-O d4 10. Ne4 Nxe4 11. dxe4 Bg4 12. h3 Bh5 13. Qb3 Qc7 14. 
Ng5 h6 15. g4 hxg5 16. gxh5 Rad8 17. f4 gxf4 18. Bxf4 Bd6 19. Qg3 Bxf4 20.
 Rxf4 Qd6 21. Qg5 Ne5 22. Raf1 Nxc4 23. Rf6 Qe5 24. R1f5 Qc7 25. Rxc5 1-0

[Event "Summer Server Series, S91126"]
[Site "CCLA"]
[Date "2019.08.24"]
[Round "?"]
[White "Gunning, Edward E."]
[Black "Sanchez, David A."]
[Result "1-0"]
[WhiteElo "1483"]
[BlackElo "1435"]

1. c4 e5 2. g3 Nf6 3. Bg2 c6 4. Nf3 e4 5. Ng5 d5 6. d3 h6 7. Nh3 dxc4 8. 
d4 Be6 9. Nf4 Bf5 10. Nc3 Bb4 11. O-O Qd7 12. a3 Ba5 13. Be3 g5 14. Qa4 
Bxc3 15. bxc3 gxf4 16. Bxf4 Nd5 17. e3 b5 18. Qc2 Nxf4 19. gxf4 Rg8 20. 
Kh1 Bh3 21. Rg1 Bxg2+ 22. Rxg2 Rxg2 23. Qxe4+ Qe6 24. Qxg2 1-0

[Event "Summer Server Series, S91126"]
[Site "CCLA"]
[Date "2019.08.24"]
[Round "?"]
[White "Gunning, Edward E."]
[Black "Berger, Byron"]
[Result "0-1"]
[WhiteElo "1483"]
[BlackElo "1436"]

1. Nf3 d5 2. d4 Nf6 3. Bg5 e6 4. e4 Be7 5. Bxf6 Bxf6 6. e5 Be7 7. c3 c5 8.
 c4 O-O 9. Nbd2 b6 10. Bd3 Nc6 11. Nb3 Ba6 12. Qc2 Nb4 13. Bxh7+ Kh8 14. 
Qb1 g6 15. Bxg6 fxg6 16. Qxg6 Qe8 17. Qh6+ Kg8 18. Qxe6+ Qf7 19. Qg4+ Qg7 
20. Qxg7+ Kxg7 21. O-O Bxc4 22. Rfc1 Nxa2 23. Rxa2 Bxb3 24. Ra3 Bc4 25. 
Nd2 cxd4 26. b3 Bxa3 27. Ra1 Bb4 0-1

[Event "Summer Server Series, S91126"]
[Site "CCLA"]
[Date "2019.08.24"]
[Round "?"]
[White "Graupera, Carlos"]
[Black "Gunning, Edward E."]
[Result "0-1"]
[WhiteElo "1520"]
[BlackElo "1483"]

1. e4 e5 2. Nf3 Nc6 3. Bb5 Nge7 4. O-O a6 5. Ba4 b5 6. Bb3 d5 7. d3 d4 8. 
c3 Bb7 9. Nbd2 g6 10. h3 Bg7 11. Re1 O-O 12. Nh2 Kh8 13. Ndf1 f5 14. exf5 
Nxf5 15. f4 dxc3 16. bxc3 exf4 17. d4 Ncxd4 18. Bxf4 Nc6 19. Rc1 Nh4 20. 
Qxd8 Nxd8 21. Bxc7 Rc8 22. Bxd8 Rcxd8 23. Ne3 Rd2 24. Rc2 Rxc2 25. Bxc2 
Bxc3 26. Re2 Bd4 27. Nf1 Re8 28. Kf2 Nxg2 0-1

[Event "Summer Server Series, S91126"]
[Site "CCLA"]
[Date "2019.08.24"]
[Round "?"]
[White "Graupera, Carlos"]
[Black "Sanchez, David A."]
[Result "0-1"]
[WhiteElo "1520"]
[BlackElo "1435"]

1. e4 c6 2. d4 d5 3. Nc3 dxe4 4. Nxe4 Nd7 5. Nf3 Ngf6 6. Bd3 Nxe4 7. Bxe4 
Nf6 8. Bd3 Bg4 9. O-O e6 10. h3 Bxf3 11. Qxf3 Be7 12. c3 Qd5 13. Qe2 O-O-O
14. Be3 Rdg8 15. c4 Qh5 16. Qd2 g5 17. Be2 g4 18. hxg4 Nxg4 19. Bf4 Bg5 
20. Bxg5 Qh2# 0-1

[Event "Summer Server Series, S91126"]
[Site "CCLA"]
[Date "2019.08.24"]
[Round "?"]
[White "Graupera, Carlos"]
[Black "Berger, Byron"]
[Result "1-0"]
[WhiteElo "1520"]
[BlackElo "1436"]

1. e4 e5 2. Nf3 Nf6 3. Nc3 Nc6 4. d4 exd4 5. Nxd4 Bb4 6. Bg5 h6 7. Bh4 g5 
8. Bg3 Nxe4 9. Qe2 Nxd4 10. Qxe4+ Qe7 11. Qxe7+ Kxe7 12. Bd3 d6 13. O-O-O 
Bxc3 14. bxc3 Nf5 15. Rhe1+ Kf6 16. Re2 Nxg3 17. fxg3 Bd7 18. Rf1+ Kg7 19.
 Re7 Rad8 20. Rfxf7+ 1-0

[Event "Summer Server Series, S91126"]
[Site "CCLA"]
[Date "2019.08.24"]
[Round "?"]
[White "Sanchez, David A."]
[Black "Graupera, Carlos"]
[Result "0-1"]
[WhiteElo "1435"]
[BlackElo "1520"]

1. d4 Nf6 2. c4 e6 3. g3 Bb4+ 4. Nd2 O-O 5. Bg2 d5 6. Nf3 b6 7. a3 Be7 8. 
O-O c5 9. Re1 Nc6 10. e4 dxe4 11. Nxe4 Bb7 12. Nxf6+ Bxf6 13. Be3 cxd4 14.
 Nxd4 Qc7 15. Qg4 Nxd4 16. Bxd4 Bxd4 17. Qxd4 Bxg2 18. Kxg2 Rad8 19. Qc3 
Rd6 20. Rad1 Rfd8 21. Qf3 Qd7 0-1

[Event "Summer Server Series, S91126"]
[Site "CCLA"]
[Date "2019.08.24"]
[Round "?"]
[White "Sanchez, David A."]
[Black "Berger, Byron"]
[Result "0-1"]
[WhiteElo "1435"]
[BlackElo "1436"]

1. d4 e6 2. c4 d5 3. Nf3 Nf6 4. g3 Bb4+ 5. Bd2 Bd6 6. Bg2 c6 7. Qb3 Nbd7 
8. O-O O-O 9. Nc3 a5 10. Rac1 Re8 11. Rfe1 h6 12. e4 dxc4 13. Qxc4 e5 14. 
Rcd1 Qb6 15. b3 exd4 16. Nxd4 Ne5 17. Qe2 Qxd4 18. Qe3 Qxe3 19. Bxe3 Bb4 
20. Bd2 Bxc3 21. Bxc3 b5 22. f4 Ned7 23. Rd6 Re6 0-1

[Event "Summer Server Series, S91126"]
[Site "CCLA"]
[Date "2019.08.24"]
[Round "?"]
[White "Berger, Byron"]
[Black "Gunning, Edward E."]
[Result "1-0"]
[WhiteElo "1436"]
[BlackElo "1483"]

1. Nc3 e5 2. Nf3 d6 3. d4 exd4 4. Nxd4 Ne7 5. e4 c5 6. Ndb5 Nec6 7. Bf4 
Ne5 8. Qd2 Nbc6 9. O-O-O Nd4 10. Nxd4 cxd4 11. Qxd4 Nc6 12. Bb5 Bd7 13. 
Bxc6 bxc6 14. Bxd6 Qg5+ 15. Kb1 Bxd6 16. Qxd6 Rd8 17. Qg3 Qh6 18. Rd3 O-O 
19. Rhd1 Qe6 20. Qc7 f5 21. Rxd7 Rxd7 22. Rxd7 Rf7 23. Rxf7 Qxf7 24. Qxf7+
1-0

[Event "Summer Server Series, S91126"]
[Site "CCLA"]
[Date "2019.08.24"]
[Round "?"]
[White "Berger, Byron"]
[Black "Graupera, Carlos"]
[Result "0-1"]
[WhiteElo "1436"]
[BlackElo "1520"]

1. e4 c5 2. Nf3 e6 3. d4 cxd4 4. Nxd4 a6 5. Nc3 Qc7 6. Bd3 Nc6 7. Be3 Nf6 
8. O-O Ne5 9. h3 Nxd3 10. cxd3 Be7 11. Rc1 Qa5 12. Nb3 Qd8 13. f4 d6 14. 
g4 b5 15. Nd4 Bb7 16. g5 Nd7 17. f5 Bxg5 18. Bxg5 Qxg5+ 19. Kh2 O-O 20. 
fxe6 fxe6 21. Nxe6 Qe5+ 0-1

[Event "Summer Server Series, S91126"]
[Site "CCLA"]
[Date "2019.08.24"]
[Round "?"]
[White "Berger, Byron"]
[Black "Sanchez, David A."]
[Result "1-0"]
[WhiteElo "1436"]
[BlackElo "1435"]

1. e4 c6 2. d4 d5 3. exd5 cxd5 4. c4 Nf6 5. Nc3 e6 6. Nf3 Bb4 7. cxd5 Nxd5
8. Qc2 Nc6 9. Be2 O-O 10. O-O Re8 11. a3 Be7 12. Rd1 h6 13. Bd2 Nf6 14. 
Ne5 Nxd4 15. Qd3 Nb3 16. Rab1 Qxd3 17. Bxd3 Bd7 18. Nxd7 Nxd2 19. Nxf6+ 
1-0

[Event "Summer Server Series, S91127"]
[Site "CCLA"]
[Date "2019.08.24"]
[Round "?"]
[White "Haines, John"]
[Black "Berger, Byron"]
[Result "1-0"]
[WhiteElo "1424"]
[BlackElo "1436"]

1. e4 e5 2. Nf3 Nf6 3. Nxe5 d6 4. Nf3 Nxe4 5. d4 d5 6. Bd3 Nc6 7. c3 Bg4 
8. Bf4 Bd6 9. Bxd6 Qxd6 10. O-O O-O-O 11. Na3 a6 12. c4 Bxf3 13. gxf3 Ng5 
14. cxd5 Nxd4 15. Be4 Qh6 16. Qxd4 1-0

[Event "Summer Server Series, S91127"]
[Site "CCLA"]
[Date "2019.08.24"]
[Round "?"]
[White "Haines, John"]
[Black "Hodgkins, Neil C."]
[Result "1/2-1/2"]
[WhiteElo "1424"]
[BlackElo "1448"]

1. d4 Nf6 2. Nf3 c6 3. c4 b5 4. e3 bxc4 5. Bxc4 d5 6. Bd3 e6 7. O-O Be7 8.
 Nc3 O-O 9. Re1 Ba6 10. Ne5 Bxd3 11. Qxd3 Qb6 12. Rb1 Nbd7 13. Nf3 c5 14. 
b3 cxd4 15. Nxd4 Nc5 16. Qb5 Qxb5 17. Ncxb5 a6 18. Nc3 Rac8 19. Rd1 e5 20.
 Nf5 Rfe8 21. Nxe7+ Rxe7 22. Nxd5 Nxd5 23. Rxd5 Ne4 24. Bb2 f6 25. f3 Ng5 
26. e4 Rec7 27. Rbd1 h5 28. Rd8+ Rxd8 29. Rxd8+ Kh7 30. Rd2 h4 31. h3 Ne6 
32. Kf2 Rc6 33. Ke1 Nc7 34. Kd1 Ne6 35. Ke1 Kh6 36. Kf2 Kg5 37. Ke3 Nf4 
38. Kf2 g6 39. Ke3 Kh6 1/2-1/2

[Event "Summer Server Series, S91127"]
[Site "CCLA"]
[Date "2019.08.24"]
[Round "?"]
[White "Haines, John"]
[Black "Mocarski, Paul J."]
[Result "0-1"]
[WhiteElo "1424"]
[BlackElo "1477"]

1. e4 d6 2. d4 Nf6 3. Nc3 g6 4. Be3 Bg7 5. Bc4 O-O 6. Qd2 Nxe4 7. Qd3 Nf6 
8. Nf3 Nbd7 9. O-O b6 10. Ba6 Bxa6 11. Qxa6 e5 12. dxe5 dxe5 13. Ng5 h6 
14. Nge4 Nxe4 15. Nxe4 Nf6 16. Nxf6+ Qxf6 17. c3 c5 18. Rad1 Qe6 19. Rd2 
Qc8 20. Qxc8 Rfxc8 21. Rfd1 f5 22. Rd7 Rf8 23. Rb7 Rf7 24. Rdd7 Rxd7 25. 
Rxd7 f4 26. Bd2 g5 27. f3 b5 28. Kf1 c4 29. Ke2 a6 30. h3 Bf8 31. Rd5 Re8 
32. Kf2 Bg7 33. Rd7 e4 34. fxe4 Rxe4 35. Ra7 Re6 36. Kf3 Rd6 37. Ke2 Kh7 
38. Be1 Kg6 39. Bd2 Bf6 40. Ra8 Kf5 41. Re8 Re6+ 42. Rxe6 Kxe6 43. Kf3 Kf5
44. Be1 Be5 45. Bd2 h5 46. Be1 g4+ 47. hxg4+ hxg4+ 48. Ke2 Ke4 49. Bf2 f3+
50. gxf3+ gxf3+ 51. Kd1 b4 52. Kc2 bxc3 53. bxc3 Bf4 54. a3 Be3 0-1

[Event "Summer Server Series, S91127"]
[Site "CCLA"]
[Date "2019.08.24"]
[Round "?"]
[White "Haines, John"]
[Black "Ritzmann, Andrew M."]
[Result "1/2-1/2"]
[WhiteElo "1424"]
[BlackElo "1334"]

1. e4 c6 2. d4 d5 3. Nc3 dxe4 4. Nxe4 Bf5 5. Ng3 Bg6 6. Nf3 Nf6 7. Bd3 
Bxd3 8. Qxd3 g6 9. O-O Bg7 10. c3 O-O 11. Bf4 Nbd7 12. Qd2 Nb6 13. Ne5 Qd5
14. Rfe1 Rad8 15. Red1 Nc4 16. Qe2 b5 17. Nxc4 bxc4 18. Qxe7 Rde8 19. Qxa7
Ne4 20. Nxe4 Rxe4 21. Bg3 Rfe8 22. Kf1 Qh5 23. f3 Re2 24. Qb6 Qg5 25. Rab1
Qf5 26. Qa6 Qc2 27. Qxc4 Rxg2 28. Qd3 Qxd3+ 29. Rxd3 Ree2 30. d5 cxd5 31. 
Rxd5 Rc2 32. a4 Bh6 33. Rd3 Bf4 34. Bxf4 Rcf2+ 35. Ke1 g5 36. Rd2 Rxd2 37.
 Bxd2 Rg1+ 38. Kf2 Rxb1 39. Bxg5 Rxb2+ 40. Kg3 Rb1 41. Bf6 Rg1+ 42. Kh3 
Rg6 43. Bd4 Ra6 44. Kg4 Rg6+ 45. Kf4 Rh6 46. Kg3 Ra6 47. h4 Rxa4 48. f4 
Ra2 49. Kg4 Rg2+ 50. Kf5 Rg6 51. Bf6 h5 52. c4 Kf8 53. c5 Ke8 54. c6 Rg1 
55. c7 Kd7 56. Be5 Rc1 57. Kf6 Ke8 58. Kg5 Ke7 59. f5 Rc5 60. Bg3 Kd7 61. 
Bf4 Rc4 62. Be5 Ke7 63. Kxh5 f6 64. Bg3 Kf7 65. Bd6 Rc6 66. Bg3 Rc4 67. 
Bd6 1/2-1/2

[Event "Summer Server Series, S91127"]
[Site "CCLA"]
[Date "2019.08.24"]
[Round "?"]
[White "Berger, Byron"]
[Black "Haines, John"]
[Result "1-0"]
[WhiteElo "1436"]
[BlackElo "1424"]

1. Nc3 e5 2. Nf3 Nc6 3. d4 exd4 4. Nxd4 Nf6 5. e4 Bb4 6. Nxc6 bxc6 7. Bd3 
d6 8. Bg5 O-O 9. O-O Bxc3 10. bxc3 Bd7 11. Qd2 Qe7 12. Rfe1 Rfe8 13. f4 
Qf8 14. Bxf6 gxf6 15. Re3 Qh6 16. Rg3+ Kh8 17. Qe3 Rg8 18. f5 Qxe3+ 19. 
Rxe3 Rab8 20. Rh3 Rg7 21. Rh6 Rb2 22. g3 Bc8 23. Rxf6 Bd7 24. Kf2 Kg8 25. 
Ke2 Kf8 26. Kd2 Rg5 27. Bc4 Be8 28. Rh6 Kg7 29. Rh4 Kh8 30. Bb3 1-0

[Event "Summer Server Series, S91127"]
[Site "CCLA"]
[Date "2019.08.24"]
[Round "?"]
[White "Berger, Byron"]
[Black "Hodgkins, Neil C."]
[Result "0-1"]
[WhiteElo "1436"]
[BlackElo "1448"]

1. e4 e5 2. Nf3 Nc6 3. d4 exd4 4. Nxd4 Nxd4 5. Qxd4 d6 6. Nc3 Nf6 7. Be3 
Be6 8. O-O-O Be7 9. f3 O-O 10. g4 c5 11. Qd2 h6 12. Nd5 Nxd5 13. exd5 Bd7 
14. Bd3 Re8 15. Kb1 Bf6 16. Rhg1 g5 17. f4 b5 18. h4 c4 19. Be2 Be7 20. 
hxg5 hxg5 21. Rh1 f6 22. fxg5 fxg5 23. Qc3 Bf6 24. Bd4 Rf8 25. Rdf1 Kg7 
26. Qh3 Rh8 27. Bxf6+ Qxf6 28. Qxh8+ Rxh8 29. Rxf6 Rxh1+ 30. Rf1 Rxf1+ 31.
 Bxf1 Bxg4 32. b3 cxb3 33. cxb3 a6 34. Kc2 Bf3 0-1

[Event "Summer Server Series, S91127"]
[Site "CCLA"]
[Date "2019.08.24"]
[Round "?"]
[White "Berger, Byron"]
[Black "Mocarski, Paul J."]
[Result "0-1"]
[WhiteElo "1436"]
[BlackElo "1477"]

1. e4 d6 2. d4 Nf6 3. Nc3 g6 4. Be3 Bg7 5. f3 O-O 6. Qd2 b6 7. Bh6 c5 8. 
Bxg7 Kxg7 9. O-O-O Nc6 10. Bb5 Nxd4 11. Bc4 a6 12. Nge2 b5 13. Nxd4 cxd4 
14. Bd5 dxc3 0-1

[Event "Summer Server Series, S91127"]
[Site "CCLA"]
[Date "2019.08.24"]
[Round "?"]
[White "Berger, Byron"]
[Black "Ritzmann, Andrew M."]
[Result "0-1"]
[WhiteElo "1436"]
[BlackElo "1334"]

1. Nc3 e5 2. Nf3 Nc6 3. d4 Qe7 4. d5 Nb4 5. a3 Na6 6. e4 d6 7. Be3 Nf6 8. 
h3 Nc5 9. Bxc5 dxc5 10. Qd2 Qd8 11. Nxe5 Qe7 12. f4 g6 13. Bb5+ Bd7 14. 
Bxd7+ Nxd7 15. Nxd7 Qxd7 16. O-O-O Bg7 17. e5 O-O 18. Ne4 Rad8 19. Nf6+ 
Bxf6 20. exf6 Qf5 21. g3 Qxf6 22. Qa5 Rd6 23. Qxa7 Rb6 24. b3 Re8 25. Qa5 
Re2 26. Kb1 Rxb3+ 0-1

[Event "Summer Server Series, S91127"]
[Site "CCLA"]
[Date "2019.08.24"]
[Round "?"]
[White "Hodgkins, Neil C."]
[Black "Haines, John"]
[Result "1/2-1/2"]
[WhiteElo "1448"]
[BlackElo "1424"]

1. d4 Nf6 2. c4 g6 3. Nf3 Bg7 4. Nc3 O-O 5. e4 d6 6. Bg5 h6 7. Bf4 c5 8. 
d5 Nh5 9. Qd2 Nxf4 10. Qxf4 Nd7 11. g3 Nf6 12. Bg2 Bd7 13. O-O a6 14. Rfe1
Nh5 15. Qd2 Qc8 16. a4 b6 17. e5 dxe5 18. Nxe5 Nf6 19. Nxd7 Qxd7 20. Rad1 
Rad8 21. Re3 Rfe8 22. b3 Kh7 23. Qd3 Kg8 24. Ne2 Qd6 25. h4 Ng4 26. Re4 
Ne5 27. Qc2 h5 28. Nf4 Bh6 29. Rde1 Bg7 30. Nd3 Nxd3 31. Qxd3 Qd7 32. Kh2 
Qd6 33. Qf3 Rd7 34. Bh3 Ra7 35. R1e2 Rb7 36. Be6 fxe6 37. Rxe6 Rf8 38. Qd3
Qd8 39. Qxg6 Qe8 40. Qg5 Rf7 41. d6 Kf8 42. dxe7+ Rbxe7 43. Rxe7 Rxe7 44. 
Qf5+ Qf7 45. Qd3 Bd4 46. Kg2 Rxe2 47. Qxe2 Qf5 48. f3 Kf7 49. g4 hxg4 50. 
fxg4 Qg6 51. h5 Qg5 52. Qf3+ Bf6 53. Qd5+ Kg7 54. Qxg5+ Bxg5 55. Kf3 Kf6 
56. Ke4 Ke6 57. Kd3 Ke5 58. Kc3 Kf4 59. b4 Kxg4 60. a5 cxb4+ 61. Kxb4 
bxa5+ 62. Kxa5 Kxh5 63. Kxa6 Bf4 1/2-1/2

[Event "Summer Server Series, S91127"]
[Site "CCLA"]
[Date "2019.08.24"]
[Round "?"]
[White "Hodgkins, Neil C."]
[Black "Berger, Byron"]
[Result "0-1"]
[WhiteElo "1448"]
[BlackElo "1436"]

1. d4 e6 2. c4 d5 3. Nf3 Nf6 4. Bg5 Bb4+ 5. Nbd2 dxc4 6. a3 Bxd2+ 7. Qxd2 
c6 8. e4 Nxe4 9. Bxd8 Nxd2 10. Nxd2 Kxd8 11. Bxc4 Ke7 12. O-O Rd8 13. Nf3 
Nd7 14. Rfe1 Nb6 15. Bd3 h6 16. Rad1 Bd7 17. Ne5 Be8 18. Bc2 Nd7 19. f4 
Nxe5 20. fxe5 Rd7 21. Rd2 c5 22. Red1 cxd4 23. Rxd4 Rxd4 24. Rxd4 Rd8 25. 
Rxd8 Kxd8 26. h4 Kc7 27. Kf2 Kc6 28. Ba4+ b5 29. Bd1 Kd5 30. g4 Kxe5 31. 
Ke3 Bc6 32. Be2 a6 33. Bd3 f5 34. gxf5 exf5 35. Kf2 g5 36. hxg5 hxg5 37. 
Kg3 Be4 38. Be2 f4+ 39. Kg4 f3 40. Bxf3 Bxf3+ 41. Kxf3 Kd4 42. Kg4 Kc4 43.
 b4 Kb3 44. Kxg5 Kxa3 45. Kf4 Kxb4 46. Ke3 Kb3 47. Kd3 Kb2 48. Kd4 a5 49. 
Kc5 a4 0-1

[Event "Summer Server Series, S91127"]
[Site "CCLA"]
[Date "2019.08.24"]
[Round "?"]
[White "Hodgkins, Neil C."]
[Black "Mocarski, Paul J."]
[Result "1/2-1/2"]
[WhiteElo "1448"]
[BlackElo "1477"]

1. d4 Nf6 2. c4 g6 3. Nf3 Bg7 4. Nc3 O-O 5. e4 d6 6. Bf4 Nbd7 7. Bd3 e5 8.
 dxe5 dxe5 9. Nxe5 Re8 10. Nf3 Nc5 11. Be2 Qxd1+ 12. Rxd1 Nfxe4 13. Nxe4 
Nxe4 14. b3 Nc3 15. Rd2 Nxe2 16. Rxe2 Rxe2+ 17. Kxe2 c5 18. Rd1 Bg4 19. h3
Re8+ 20. Kf1 Bxf3 21. gxf3 b6 22. Rd7 Be5 23. Bxe5 Rxe5 24. Rxa7 Re6 25. 
Rd7 Kf8 26. Rd5 Ke7 27. h4 h5 28. a3 Rf6 29. Kg2 Re6 30. Kf1 Rf6 31. Kg2 
Re6 32. Kf1 Rf6 1/2-1/2

[Event "Summer Server Series, S91127"]
[Site "CCLA"]
[Date "2019.08.24"]
[Round "?"]
[White "Hodgkins, Neil C."]
[Black "Ritzmann, Andrew M."]
[Result "1-0"]
[WhiteElo "1448"]
[BlackElo "1334"]

1. d4 d5 2. c4 Nf6 3. Nf3 e6 4. Nc3 c6 5. Bg5 Be7 6. e3 O-O 7. Bd3 h6 8. 
Bh4 Nbd7 9. O-O Qb6 10. b3 Bb4 11. Qc2 a5 12. a3 Bxc3 13. Qxc3 Qc7 14. Bg3
Qd8 15. Rfe1 c5 16. cxd5 Nxd5 17. Qc2 Qb6 18. Bc4 Re8 19. a4 Nb4 20. Qd2 
Qc6 21. Rac1 b6 22. Bb5 Qd5 23. e4 Qxb3 24. Rc3 Qa2 25. Qxa2 Nxa2 26. Rce3
Nb4 27. Rc1 Rd8 28. Bc7 Re8 29. dxc5 Nxc5 30. Bxe8 Bd7 31. Bxd7 Nxd7 32. 
Bd6 Na2 33. Rc7 Nf6 34. h3 Nh5 35. Ne5 Nf4 36. Rxf7 1-0

[Event "Summer Server Series, S91127"]
[Site "CCLA"]
[Date "2019.08.24"]
[Round "?"]
[White "Mocarski, Paul J."]
[Black "Haines, John"]
[Result "1-0"]
[WhiteElo "1477"]
[BlackElo "1424"]

1. d4 Nf6 2. Nf3 g6 3. Nc3 Bg7 4. e4 d6 5. Be2 O-O 6. O-O Nc6 7. Bg5 h6 8.
 Bxf6 Bxf6 9. Re1 Bg7 10. Nd5 e6 11. Ne3 e5 12. dxe5 Nxe5 13. Nxe5 Bxe5 
14. c3 Be6 15. Rf1 Bg7 16. f4 f5 17. exf5 gxf5 18. Bd3 Qd7 19. Rf3 Rf6 20.
 Rg3 Qf7 21. Bc2 Kh8 22. Qd3 Rf8 23. a4 Rg6 24. Rxg6 Qxg6 25. Qd2 Qf7 26. 
Rf1 Qe7 27. Rf3 Rf6 28. Qd3 Qf7 29. Rg3 Qd7 30. a5 a6 31. b4 d5 32. Ng4 
Rf8 33. Ne5 Bxe5 34. fxe5 Rg8 35. Qd2 Qh7 36. Rxg8+ Kxg8 37. Bb3 c6 38. 
Qf4 Qg6 39. Bd1 Qg5 40. g3 Kg7 41. h4 Qxf4 42. gxf4 Kg6 43. Kf2 Kf7 44. 
Ke3 Ke7 45. Kd4 Kd7 46. Bb3 Kc7 47. c4 dxc4 48. Bxc4 Kd7 49. Bxe6+ Kxe6 
50. Kc5 Kd7 51. Kb6 Kc8 52. h5 Kb8 53. Kc5 Kc8 54. Kd6 Kd8 55. e6 Ke8 56. 
e7 1-0

[Event "Summer Server Series, S91127"]
[Site "CCLA"]
[Date "2019.08.24"]
[Round "?"]
[White "Mocarski, Paul J."]
[Black "Berger, Byron"]
[Result "0-1"]
[WhiteElo "1477"]
[BlackElo "1436"]

1. d4 e6 2. Nf3 d5 3. c4 Nf6 4. Nc3 Bb4 5. Bg5 dxc4 6. e4 c5 7. Bxf6 Qxf6 
8. e5 Qd8 9. Bxc4 Nc6 10. dxc5 Qxd1+ 11. Rxd1 Bxc5 12. O-O a6 13. Ne4 Ba7 
14. Nd6+ Ke7 15. a3 Rd8 16. Rfe1 Bb8 17. Nxc8+ Rxc8 18. Ba2 Bc7 19. b4 Rd8
20. Bb1 Rxd1 21. Rxd1 Nxe5 22. Nxe5 Bxe5 23. Bxh7 g6 24. Rd3 Rh8 25. Rh3 
Kf6 26. Bxg6 Rxh3 27. gxh3 Kxg6 28. Kg2 b5 0-1

[Event "Summer Server Series, S91127"]
[Site "CCLA"]
[Date "2019.08.24"]
[Round "?"]
[White "Mocarski, Paul J."]
[Black "Hodgkins, Neil C."]
[Result "1-0"]
[WhiteElo "1477"]
[BlackElo "1448"]

1. d4 Nf6 2. Nf3 d5 3. e3 Nc6 4. Nc3 Bg4 5. h3 Bf5 6. Bd3 Qd7 7. Bb5 a6 8.
 Ne5 Qd6 9. Bxc6+ bxc6 10. Bd2 Rb8 11. b3 g6 12. Bc1 Bg7 13. Bb2 O-O 14. 
O-O Nd7 15. Ne2 Nxe5 16. dxe5 Bxe5 17. Nd4 e6 18. Qe2 c5 19. Nxf5 exf5 20.
 Bxe5 Qxe5 21. Qxa6 Ra8 22. Qe2 Rfe8 23. Qb5 Qd6 24. a4 c6 25. Qd3 Rad8 
26. a5 d4 27. exd4 cxd4 28. a6 Qc5 29. Ra4 Qa7 30. Rd1 c5 31. Qc4 Re4 32. 
f3 Re6 33. Ra5 Rc8 34. b4 Rec6 35. Rxc5 Rxc5 36. bxc5 Rxc5 37. Qxd4 Rc7 
38. Qxa7 Rxa7 39. Ra1 Kg7 40. Kf2 Kf6 41. Ke3 Ke6 42. c4 Kd6 43. Kd4 f6 
44. c5+ Kc6 45. Kc4 g5 46. Rd1 Rxa6 47. Rd6+ Kb7 48. Rxa6 Kxa6 49. Kd5 Kb7
50. Kd6 Kc8 51. Ke7 g4 52. hxg4 fxg4 53. fxg4 Kc7 54. Kxf6 Kc6 55. Kg7 
Kxc5 56. Kxh7 Kd6 57. g5 1-0

[Event "Summer Server Series, S91127"]
[Site "CCLA"]
[Date "2019.08.24"]
[Round "?"]
[White "Mocarski, Paul J."]
[Black "Ritzmann, Andrew M."]
[Result "1-0"]
[WhiteElo "1477"]
[BlackElo "1334"]

1. d4 d5 2. Nf3 Nf6 3. c4 e6 4. Nc3 Be7 5. Bf4 O-O 6. e3 Bb4 7. Bd3 c5 8. 
O-O Nc6 9. cxd5 exd5 10. a3 c4 11. axb4 cxd3 12. b5 Nb4 13. Ne5 Bf5 14. 
Ra4 Qe7 15. Qb3 h6 16. Rxb4 d2 17. Ra4 Ne4 18. Nxe4 Bxe4 19. f3 Rac8 20. 
fxe4 Rc1 21. Nf3 Rfc8 22. Nxd2 Qh4 23. Rxa7 Rxf1+ 24. Nxf1 Rc1 25. Qxd5 
Qe1 26. Ra8+ Kh7 27. Qf5+ 1-0

[Event "Summer Server Series, S91127"]
[Site "CCLA"]
[Date "2019.08.24"]
[Round "?"]
[White "Ritzmann, Andrew M."]
[Black "Haines, John"]
[Result "0-1"]
[WhiteElo "1334"]
[BlackElo "1424"]

1. d4 Nf6 2. c4 g6 3. Nc3 Bg7 4. Nf3 O-O 5. Bg5 d6 6. e4 Na6 7. a3 e5 8. 
Nd5 Re8 9. Qa4 Bg4 10. Be2 c6 11. Nxf6+ Bxf6 12. Bxf6 Qxf6 13. d5 Nc5 14. 
Qa5 Nb3 15. Qc3 Nc5 16. O-O Nxe4 17. Qe3 Nc5 18. Qh6 Qg7 19. Qg5 Bd7 20. 
Rad1 Ne4 21. Qh4 f5 22. Ng5 Qe7 23. Qxh7+ Qxh7 24. Nxh7 Kxh7 25. Rd3 Kg7 
26. dxc6 Bxc6 27. Rh3 Rh8 28. Rxh8 Rxh8 29. h3 a5 30. Kh2 d5 31. cxd5 Bxd5
32. f3 Nf6 33. Rc1 Bc6 34. Rc5 Ra8 35. Rxe5 Nd7 36. Re7+ Kf6 37. Re3 Nf8 
38. Rd3 Re8 39. Rd6+ Ke7 40. Rd2 Rd8 41. Rxd8 Kxd8 42. f4 Ke7 43. Kg3 Kf6 
44. Kf2 Ne6 45. g3 b6 46. Ke3 Bd7 47. h4 Be8 48. Kd3 Bb5+ 49. Kd2 Bxe2 50.
 Kxe2 Nc5 0-1

[Event "Summer Server Series, S91127"]
[Site "CCLA"]
[Date "2019.08.24"]
[Round "?"]
[White "Ritzmann, Andrew M."]
[Black "Berger, Byron"]
[Result "1-0"]
[WhiteElo "1334"]
[BlackElo "1436"]

1. d4 e6 2. e4 d5 3. Nc3 Bb4 4. Bd2 dxe4 5. Nxe4 Qxd4 6. Bd3 Bxd2+ 7. Qxd2
Qxb2 8. Qd1 Qb4+ 9. c3 Qe7 10. Nf3 Nf6 11. Qa4+ Nc6 12. O-O Nxe4 13. Bxe4 
Bd7 14. Qb5 Rb8 15. Rfd1 Ne5 16. Qxe5 1-0

[Event "Summer Server Series, S91127"]
[Site "CCLA"]
[Date "2019.08.24"]
[Round "?"]
[White "Ritzmann, Andrew M."]
[Black "Hodgkins, Neil C."]
[Result "0-1"]
[WhiteElo "1334"]
[BlackElo "1448"]

1. d4 Nf6 2. c4 d6 3. Nc3 e5 4. d5 Be7 5. Qa4+ Bd7 6. Qb3 b6 7. e4 O-O 8. 
Bd3 c6 9. Nf3 cxd5 10. cxd5 Re8 11. O-O Bg4 12. Bg5 Nbd7 13. h3 Nc5 14. 
Qc4 Bxf3 15. gxf3 Nxd3 16. Qxd3 Nh5 17. Bxe7 Qxe7 18. Qb5 Qg5+ 19. Kh2 Nf4
20. Rg1 Qh5 21. Rg3 Rf8 22. Rag1 g6 23. Ne2 a6 24. Qxb6 Nxe2 25. R1g2 Nxg3
26. Rxg3 Rfd8 27. a4 Qh6 28. Rg4 g5 29. Qe3 f6 30. Kg3 Rf8 31. b4 Kh8 32. 
h4 gxh4+ 33. Rxh4 Qxe3 34. fxe3 Rg8+ 35. Kf2 Rab8 36. b5 axb5 37. a5 Ra8 
0-1